Statistics for NFL Draft First Round From Past Five Years

Click here to take the quiz!

General Stats

  • This quiz has been taken 44 times
  • The average score is 101 of 159

Answer Stats

YearDraft PickTeamCollegeAnswer% Correct
20231Carolina PanthersAlabamaBryce Young
100%
20202Washington CommandersOhio StateChase Young
100%
20234Indianapolis ColtsFloridaAnthony Richardson
94%
202314Pittsburgh SteelersGeorgiaBroderick Jones
94%
20232Houston TexansOhio StateC.J. Stroud
94%
20196New York GiantsDukeDaniel Jones
94%
201917New York GiantsClemsonDexter Lawrence
94%
202210New York JetsOhio StateGarrett Wilson
94%
202029Tennessee TitansGeorgiaIsaiah Wilson
94%
202010Cleveland BrownsAlabamaJedrick Wills
94%
20201Cincinnati BengalsLSUJoe Burrow
94%
202115New England PatriotsAlabamaMac Jones
94%
20211Jacksonville JaguarsClemsonTrevor Lawrence
94%
20237Las Vegas RaidersTexas TechTyree Wilson
94%
20212New York JetsBYUZach Wilson
94%
20238Atlanta FalconsTexasBijan Robinson
91%
20215Cincinnati BengalsLSUJa'Marr Chase
91%
20206Los Angeles ChargersOregonJustin Herbert
91%
20214Atlanta FalconsFloridaKyle Pitts
91%
202330Philadelphia EaglesGeorgiaNolan Smith
91%
20224New York JetsCincinnatiSauce Gardner
91%
20213San Francisco 49ersNorth Dakota StateTrey Lance
91%
202110Philadelphia EaglesAlabamaDeVonta Smith
89%
202212Detroit LionsAlabamaJameson Williams
89%
201911Cincinnati BengalsAlabamaJonah Williams
89%
202023Los Angeles ChargersOklahomaKenneth Murray
89%
20191Arizona CardinalsOklahomaKyler Murray
89%
202326Dallas CowboysMichiganMazi Smith
89%
20193New York JetsAlabamaQuinnen Williams
89%
20205Miami DolphinsAlabamaTua Tagovailoa
89%
202224Dallas CowboysTulsaTyler Smith
89%
20222Detroit LionsMichiganAidan Hutchinson
86%
20239Philadelphia EaglesGeorgiaJalen Carter
86%
20216Miami DolphinsAlabamaJayden Waddle
86%
202111Chicago BearsOhio StateJustin Fields
86%
20192San Francisco 49ersOhio StateNick Bosa
86%
20233Houston TexansAlabamaWill Anderson Jr.
86%
202320Seattle SeahawksOhio StateJaxon Smith-Njigba
83%
202226New York JetsFlorida StateJermaine Johnson II
83%
202112Dallas CowboysPenn StateMicah Parsons
83%
20236Arizona CardinalsOhio StateParis Johnson Jr.
83%
202222Green Bay PackersGeorgiaQuay Walker
83%
20221Jacksonville JaguarsGeorgiaTravon Walker
83%
202217Los Angeles ChargersBoston CollegeZion Johnson
83%
202211New Orleans SaintsOhio StateChris Olave
80%
20235Seattle SeahawksIllinoisDevon Witherspoon
80%
202312Detroit LionsAlabamaJahmyr Gibbs
80%
202323Minnesota VikingsUSCJordan Addison
80%
202026Green Bay PackersUtah StateJordan Love
80%
20197Jacksonville JaguarsKentuckyJosh Allen
80%
202322Baltimore RavensBoston CollegeZay Flowers
80%
20204New York GiantsGeorgiaAndrew Thomas
77%
20195Tampa Bay BuccaneersLSUDevin White
77%
20228Atlanta FalconsUSCDrake London
77%
202119Washington CommandersKentuckyJamin Davis
77%
202213Philadelphia EaglesGeorgiaJordan Davis
77%
202220Pittsburgh SteelersPittsburghKenny Pickett
77%
202124Pittsburgh SteelersAlabamaNajee Harris
77%
202022Minnesota VikingsLSUJustin Jefferson
74%
20217Detroit LionsOregonPenei Sewell
74%
202012Las Vegas RaidersAlabamaHenry Ruggs
71%
202318Detroit LionsIowaJack Campbell
71%
20203Detroit LionsOhio StateJeff Okudah
71%
202015Denver BroncosAlabamaJerry Jeudy
71%
20219Denver BroncosAlabamaPatrick Surtain II
71%
202317New England PatriotsOregonChristian Gonzalez
69%
20223Houston TexansLSUDerek Stingley Jr.
69%
20207Carolina PanthersAuburnDerrick Brown
69%
20218Carolina PanthersSouth CarolinaJaycee Horn
69%
201925Baltimore RavensOklahomaMarquise Brown
69%
202321Los Angeles ChargersTCUQuentin Johnston
69%
202017Dallas CowboysOklahomaCeeDee Lamb
66%
202325Buffalo BillsUtahDalton Kincaid
66%
20227New York GiantsAlabamaEvan Neal
66%
202316Washington CommandersMississippi StateEmmanuel Forbes
63%
202021Philadelphia EaglesTCUJalen Reagor
63%
202215Houston TexansTexas A&MKenyon Green
63%
202214Baltimore RavensNotre DameKyle Hamilton
63%
202127Baltimore RavensMinnesotaRashod Bateman
63%
20198Detroit LionsIowaT. J. Hockenson
63%
202125Jacksonville JaguarsClemsonTravis Etienne
63%
202032Kansas City ChiefsLSUClyde Edwards-Helaire
60%
202231Cincinnati BengalsMichiganDaxton Hill
60%
202120New York GiantsFloridaKadarius Toney
60%
202313Green Bay PackersIowaLukas Van Ness
60%
202315New York JetsIowa StateWill McDonald IV
60%
202324New York GiantsMarylandDeonte Banks
57%
202118Miami DolphinsMiami (FL)Jaelan Phillips
57%
202218Tennessee TitansArkansasTreylon Burks
57%
202327Jacksonville JaguarsOklahomaAnton Harrison
54%
202025San Francisco 49ersArizona StateBrandon Aiyuk
54%
201916Carolina PanthersFloridaBrian Burns
54%
202310Chicago BearsTennesseeDarnell Wright
54%
20199Buffalo BillsHoustonEd Oliver
54%
20208Arizona CardinalsClemsonIsaiah Simmons
54%
201919Tennessee TitansMississippi StateJeffery Simmons
54%
20225New York GiantsOregonKayvon Thibodeaux
54%
202328Cincinnati BengalsClemsonMyles Murphy
54%
202221Kansas City ChiefsWashingtonTrent McDuffie
54%
202013Tampa Bay BuccaneersIowaTristan Wirfs
54%
202018Miami DolphinsUSCAustin Jackson
51%
202329New Orleans SaintsClemsonBryan Bresee
51%
202122Tennessee TitansVirginia TechCaleb Farley
51%
202319Tampa Bay BuccaneersPittsburghCalijah Kancey
51%
20229Seattle SeahawksMississippi StateCharles Cross
51%
20194Las Vegas RaidersClemsonClelin Ferrell
51%
202229New England PatriotsChattanoogaCole Strange
51%
201910Pittsburgh SteelersMichiganDevin Bush
51%
201915Washington CommandersOhio StateDwayne Haskins
51%
202230Kansas City ChiefsPurdueGeorge Karlaftis
51%
202028Baltimore RavensLSUPatrick Queen
51%
202311Tennessee TitansNorthwesternPeter Skoronski
51%
201912Green Bay PackersMichiganRashan Gary
51%
202113Los Angeles ChargersNorthwesternRashawn Slater
51%
202116Arizona CardinalsTulsaZaven Collins
51%
202114New York JetsUSCAlijah Vera-Tucker
49%
202130Buffalo BillsMiami (FL)Gregory Rousseau
49%
20226Carolina PanthersNorth Carolina StateIkem Ekwonu
49%
202223Buffalo BillsFloridaKaiir Elam
49%
202016Atlanta FalconsClemsonA. J. Terrell
46%
202117Las Vegas RaidersAlabamaAlex Leatherwood
46%
202227Jacksonville JaguarsUtahDevin Lloyd
46%
202216Washington CommandersPenn StateJahan Dotson
46%
202014San Francisco 49ersSouth CarolinaJavon Kinlaw
46%
201924Las Vegas RaidersAlabamaJosh Jacobs
46%
202232Minnesota VikingsGeorgiaLewis Cine
46%
202011New York JetsLouisvilleMekhi Becton
46%
201932New England PatriotsArizona StateN'Keal Harry
46%
202219New Orleans SaintsNorthern IowaTrevor Penning
46%
202123Minnesota VikingsVirginia TechChristian Darrisaw
43%
202129Green Bay PackersGeorgiaEric Stokes
43%
202126Cleveland BrownsNorthwesternGreg Newsome II
43%
201920Denver BroncosIowaNoah Fant
43%
201913Miami DolphinsClemsonChristian Wilkins
40%
202019Las Vegas RaidersOhio StateDamon Arnette
40%
202228Green Bay PackersGeorgiaDevonte Wyatt
40%
202331Kansas City ChiefsKansas StateFelix Anudike-Uzomah
40%
202225Baltimore RavensIowaTyler Linderbaum
40%
20209Jacksonville JaguarsFloridaC. J. Henderson
37%
201921Green Bay PackersMarylandDarnell Savage
37%
202027Seattle SeahawksTexas TechJordyn Brooks
37%
202121Indianapolis ColtsMichiganKwity Paye
37%
202024New Orleans SaintsMichiganCesar Ruiz
34%
202020Jacksonville JaguarsLSUK'Lavon Chaisson
34%
202131Baltimore RavensPenn StOdafe Oweh
34%
202128New Orleans SaintsHoustonPayton Turner
34%
201914Atlanta FalconsBoston CollegeChris Lindstrom
31%
201926Washington CommandersMississippi StateMontez Sweat
31%
202031Minnesota VikingsTCUJeff Gladney
29%
202132Tampa Bay BuccaneersWashingtonJoe Tryon-Shoyinka
29%
201930New York GiantsGeorgiaDeandre Baker
26%
201918Minnesota VikingsNorth Carolina StateGarrett Bradbury
26%
201928Los Angeles ChargersNotre DameJerry Tillery
26%
201927Las Vegas RaidersMississippi StateJohnathan Abram
23%
201931Atlanta FalconsWashingtonKaleb McGary
20%
201929Seattle SeahawksTCUL. J. Collier
20%
201923Houston TexansAlabama StateTytus Howard
20%
201922Philadelphia EaglesWashington StateAndre Dillard
17%
202030Miami DolphinsAuburnNoah Igbinoghene
17%

Score Distribution

Percentile by Number Answered

Percent of People with Each Score

Your Score History

You have not taken this quiz